00812cam a2200193 a 4500020004000000040000800040082002600048100002100074245008600095260003100181300003300212650002400245856005800269856006500327856005500392942000700447999001700454952014700471 a0471303011 (cloth : acidfree paper) cDLC00a575 WIL 1995 A063 Or.1 aEldredge, Niles.10aReinventing Darwin :bthe great debate at the high table of evolutionary theory / aNew York :bWiley,cc1995. axi, 244 p. :bill. ;c25 cm.00aEvolution (Biology)42uhttp://www.loc.gov/catdir/bios/wiley041/94032861.html42uhttp://www.loc.gov/catdir/description/wiley031/94032861.html4 uhttp://www.loc.gov/catdir/toc/onix01/94032861.html cEK c15308d15308 0010406575_000000000000000_WIL_1995_A063_OR70968260aLBAbLBAcA063d2017-11-15o575 WIL 1995 A063 Or.pA06265r2017-11-15w2017-11-15yEK